Vilnius County cites - Statistics

General Stats
  • This quiz has been taken 6 times
  • The average score is 11 of 16
Answer Stats
Population City % Correct
5 671 Trakai
100%
600 876 Vilnius
100%
12 407 Elektrėnai
80%
9 823 Grigiškės
80%
9 470 Lentvaris
80%
6 965 Šalčininkai
80%
5 530 Širvintos
80%
4 132 Vievis
80%
4 412 Nemenčinė
60%
4 578 Pabradė
60%
1 879 Rūdiškės
60%
4 366 Švenčionėliai
60%
4 208 Švenčionys
60%
2 659 Eišiškės
40%
21 983 Ukmergė
40%
992 Baltoji Vokė
20%
No matching quizzes found
Score Distribution
Percent of People with Each Score
Percentile by Number Answered
Your Score History
You have not taken this quiz